Metrópolis / (Registro nro. 8474)

000 -CABECERA
campo de control de longitud fija 00823nam a2200241 u 4500
001 - NÚMERO DE CONTROL
campo de control 000062216
005 - FECHA Y HORA DE LA ÚLTIMA TRANSACCIÓN
campo de control 20200120224213.0
008 - DATOS DE LONGITUD FIJA--INFORMACIÓN GENERAL
campo de control de longitud fija 140716s ck gr| 000 0 spa d
041 0# - CÓDIGO DE LENGUA
Código de lengua del texto/banda sonora o título independiente Nspa
043 ## - CÓDIGO DE ÁREA GEOGRÁFICA
Código de área geográfica c-k----
082 04 - NÚMERO DE LA CLASIFICACIÓN DECIMAL DEWEY
Número de clasificación 791.43
Número de documento/Ítem M27
Número de edición 21
245 10 - MENCIÓN DE TÍTULO
Título Metrópolis /
Mención de responsabilidad, etc. dirección Fritz Lang; guión Thea Von Harbou
Medio [película]
260 ## - PUBLICACIÓN, DISTRIBUCIÓN, ETC.
Lugar de publicación, distribución, etc. Bogotá :
Nombre del editor, distribuidor, etc. M.S.T.V. Video,
Fecha de publicación, distribución, etc. [s.f].
300 ## - DESCRIPCIÓN FÍSICA
Extensión 1 dvd (118 min.) :
Otras características físicas son., col. ;
Material acompañante/anejo 14 cm.
490 #0 - MENCIÓN DE SERIE
Mención de serie Plan audiovisual nacional
Designación de volumen o secuencia 103
586 ## - NOTA DE PREMIOS
Nota de premios Especial, festival de círculo de críticos de Nueva York 2000
650 17 - PUNTO DE ACCESO ADICIONAL DE MATERIA--TÉRMINO DE MATERIA
Término de materia o nombre geográfico como elemento de entrada Drama
Subdivisión general Cine
Fuente del encabezamiento o término LEMB
650 27 - PUNTO DE ACCESO ADICIONAL DE MATERIA--TÉRMINO DE MATERIA
Término de materia o nombre geográfico como elemento de entrada Población urbana
Subdivisión general Cine
Fuente del encabezamiento o término LEMB
650 27 - PUNTO DE ACCESO ADICIONAL DE MATERIA--TÉRMINO DE MATERIA
Término de materia o nombre geográfico como elemento de entrada Problemas sociales
Subdivisión general Cine
Fuente del encabezamiento o término LEMB
650 27 - PUNTO DE ACCESO ADICIONAL DE MATERIA--TÉRMINO DE MATERIA
Término de materia o nombre geográfico como elemento de entrada Clases sociales
Subdivisión general Cine
Fuente del encabezamiento o término LEMB
700 1# - PUNTO DE ACCESO ADICIONAL--NOMBRE DE PERSONA
Nombre de persona Lang, Fritz
Término indicativo de función/relación director y guionista
700 1# - PUNTO DE ACCESO ADICIONAL--NOMBRE DE PERSONA
Nombre de persona Von Harbou, Thea
Término indicativo de función/relación guionista
Existencias
Estado de retiro Estado de pérdida Fuente del sistema de clasificación o colocación Estado dañado No para préstamo Código de colección Localización permanente Ubicación/localización actual Fecha de adquisición Número de inventario Total de préstamos Signatura topográfica completa Código de barras Fecha visto por última vez Fecha del último préstamo Número de copia Precio válido a partir de Tipo de ítem Koha Nota pública
          Multimedia Biblioteca Pública San Juan Bosco Biblioteca Pública San Juan Bosco 20/01/2020 114221 2 791.43 M27 MOS014140 27/07/2021 19/07/2021 dvd.1 ej.1 20/01/2020 DVD Tres días-Multimedia

© Todos los derechos reservados para la Biblioteca Pública Municipal San Juan Bosco, 2020
Secretaria de Cultura de Mosquera
Carrera 3 N° 10 Esquina Centro Cultural Barrio El Carmén Teléfono: 8270830 Ext: 34
Funcionando con KOHA
Contacto: Biblioteca Pública Municipal San Juan Bosco/ bibliotecasanjuanbosco@mosquera-cundinamarca.gov.co
Mosquera, Cundinamarca